01031nam a2200277 i 4500003000900000005001700009008004100026020001500067040004300082041000800125082002300133100002700156245013000183264003800313300002200351336002400373337002800397338004300425490006200468504006500530546002400595650003500619651000600654700003600660856005700696EG-GICUC20260208145220.0260208s1973 fr ||fr|||| 001 0 fre d a2247004490 aEG-GiCUCbitacEG-GiCUCdEG-GiCUCeRda 0aita04221a341.84bFO . C1 aForget, Louis eAuteur14aLes Conflits De Lois En Matière D'accidents De La Circulation Routière /cPar Louis Forget; Préface De Yvon Loussouarn. 1aParis :bLibrairie Dalloz,c1973. a236 page,c24 cm. 2rda contenua texte 2rda mediasaOrdinateur 2 transporteur rdaa Ressource en ligne aBibliothèque De Droit International PrivévVolume Xv  aComprend des références bibliographiques et un index.  aTexte en français14aDroit international privé2 1 2 1 aLoussouarn, Yvon ePréfacier40uhttps://fll.law.cu.edu.eg/fulltext/bks/B12-02197.pdf